Pays vainqueurs de la Coupe d'Afrique des Nations - Statistiques

Statistiques générales
  • Ce quiz a été pris 1 030 fois
    877 depuis la dernière actualisation
  • Le résultat moyen est 14 sur 17
Réponses sur la Carte
Les réponses sont colorées sur une échelle allant du rouge au vert en fonction du pourcentage des utilisateurs qui les ont devinées à leur premier essai. Vous pouvez retrouver ces pourcentages ci-dessous.
 
Statistiques - réponses
Réponse % Correct
Algérie
99%
Maroc
98%
Égypte
97%
République arabe unie
97%
Sénégal
95%
Tunisie
91%
Cameroun
89%
Congo Kinshasa
86%
Côte d’Ivoire
86%
RD Congo
86%
Afrique du Sud
81%
Nigeria
81%
Congo
80%
Ghana
71%
Zambie
58%
Soudan
48%
Éthiopie
46%
Aucun quiz correspondant
Distribution des résultats
% des personnes avec chaque résultat
Percentile par nombre de réponses
Votre historique - résultats
Vous n’avez pas pris ce quiz depuis la dernière actualisation